00489nam a2200169Ia 4500003000900000008004100009040001600050080001600066100002400082245005900106260004400165300001600209650004100225650001600266650002100282650001600303IN-BaIIA211028s9999 xx 000 0 eng d cIIA Library a551.58bHAN aHann, de Julius von 0aHandbuch der klimatologiebband IIcde Julius von Hann aStuttgartbVerlag Von J Engelhornc1897 aviii, 384p. aAstronomy and Astrophysics Thesaurus aClimatology aEarth Atmosphere aMeteorology